[Event "Thailand Team op"]
[Site "Bangkok"]
[Date "2022.12.03"]
[Round "2.4"]
[White "Burbach, Anya Belle"]
[Black "Acedo, Rowelyn"]
[Result "0-1"]
[WhiteElo "1354"]
[BlackElo "1782"]
[PlyCount "66"]
[EventDate "2022.12.03"]
[EventType "team-swiss"]
[EventRounds "9"]
[EventCountry "THA"]
[SourceTitle "CBM 211 Extra"]
[Source "ChessBase"]
[SourceDate "2023.01.31"]
[SourceVersion "1"]
[SourceVersionDate "2023.01.31"]
[SourceQuality "1"]
[WhiteTeam "Pattaya Shark"]
[BlackTeam "JCA"]
[WhiteTeamCountry "THA"]
[BlackTeamCountry "THA"]

1. e4 d5 2. exd5 Nf6 3. Nc3 Nxd5 4. Nxd5 Qxd5 5. d4 Nc6 6. Be3 e5 7. c4 Bb4+ 8. Bd2 Bxd2+ 9. Qxd2 Qxd4 10. Rd1 Be6 11. Nf3 Qxd2+ 12. Rxd2 Ke7 13. b3 Rad8 14. Bd3 f5 15. Bb1 Kf6 16. h4 h6 17. Rxd8 Rxd8 18. Ke2 e4 19. Nd2 a5 20. Rd1 Ke5 21. g3 g5 22. hxg5 hxg5 23. Nf1 Nd4+ 24. Ke1 f4 25. gxf4+ gxf4 26. Nd2 Bg4 27. Rc1 e3 28. fxe3 fxe3 29. Nf1 Kf4 30. Nh2 Rh8 31. Nf1 Nf3+ 32. Ke2 Nd2+ 33. Ke1 Nxf1 0-1

[Event "World Cup U16 Girls Prel"]
[Site "Tornelo INT"]
[Date "2021.08.06"]
[Round "4"]
[White "Burbach, Anya Belle"]
[Black "Mihelic, Vesna"]
[Result "0-1"]
[WhiteElo "1265"]
[BlackElo "1871"]
[PlyCount "110"]
[EventDate "2021.08.06"]
[EventType "swiss (rapid)"]
[EventRounds "10"]
[EventCountry "NET"]
[SourceTitle "EXT 2025"]
[Source "ChessBase"]
[SourceDate "2024.10.14"]
[SourceVersion "1"]
[SourceVersionDate "2024.10.14"]
[SourceQuality "1"]

1. e4 e5 2. Nc3 Nf6 3. Bc4 Bc5 4. d3 d6 5. f4 0-0 6. Nf3 a6 7. f5 h6 8. Qe2 b5 9. Bb3 Nc6 10. Be3 Nd4 11. Bxd4 exd4 12. Nd5 Bxf5 13. 0-0 Bg4 14. h3 Be6 15. Nxf6+ Qxf6 16. Kh1 Bxb3 17. axb3 Qe6 18. Qf2 d5 19. Nxd4 Qe5 20. Nf3 Bxf2 21. Nxe5 Bd4 22. Nc6 Bxb2 23. Rab1 Bf6 24. exd5 Rfe8 25. Rbe1 Kf8 26. Kg1 Bc3 27. Re4 Rxe4 28. dxe4 Re8 29. Rf3 Bf6 30. Re3 Bg5 31. Re2 f6 32. Kf2 Kf7 33. g3 Bc1 34. Nb4 a5 35. Na6 a4 36. bxa4 bxa4 37. Nxc7 Rc8 38. Nb5 Rc5 39. Nd4 a3 40. c4 Rxc4 41. Nb3 Bb2 42. Ke3 Rb4 43. d6 Rxb3+ 44. Kd2 Rb6 45. d7 Rd6+ 46. Kc2 Rxd7 47. Kb3 Ke6 48. g4 Rd1 49. h4 Ke5 50. g5 hxg5 51. hxg5 fxg5 52. Rg2 Kf4 53. e5 Rd3+ 54. Ka2 Bxe5 55. Rf2+ Rf3 0-1

[Event "Bangkok Chinese New Year op"]
[Site "Bangkok"]
[Date "2020.01.26"]
[Round "8"]
[White "Kunanantakul, Kunawach"]
[Black "Burbach, Anya Belle"]
[Result "1-0"]
[WhiteElo "1201"]
[BlackElo "1127"]
[PlyCount "83"]
[EventDate "2020.01.25"]
[EventType "swiss (rapid)"]
[EventRounds "9"]
[EventCountry "THA"]
[SourceTitle "CBM 194 Extra"]
[Source "ChessBase"]
[SourceDate "2020.03.31"]
[SourceVersion "1"]
[SourceVersionDate "2020.03.31"]
[SourceQuality "1"]

1. d4 Nf6 2. c4 e6 3. Nf3 b6 4. e3 Bb7 5. Be2 c5 6. 0-0 d6 7. dxc5 Be7 8. cxd6 Qxd6 9. Qxd6 Bxd6 10. h3 0-0 11. Rd1 Bc5 12. a3 a5 13. Nc3 Nc6 14. Nd4 e5 15. Ndb5 Rad8 16. b3 Ne7 17. Bb2 Ng6 18. Nc7 Nh4 19. N7d5 Nxd5 20. Nxd5 Ng6 21. Bc3 Rfe8 22. b4 axb4 23. axb4 Bxd5 24. cxd5 Bf8 25. Ra6 Rb8 26. Bb5 Red8 27. e4 Bd6 28. Bd2 f5 29. exf5 Ne7 30. Bg5 h6 31. Be3 Bxb4 32. Bxb6 Rxd5 33. Rxd5 Nxd5 34. Bc4 Rc8 35. Bxd5+ Kh8 36. Ra8 Rxa8 37. Bxa8 Bc3 38. Bc7 Bd4 39. Kf1 Kg8 40. Bd5+ Kf8 41. Bd6+ Ke8 42. Be6 1-0

[Event "Thailand Pattaya U16 op 2nd"]
[Site "Pattaya"]
[Date "2019.10.23"]
[Round "9"]
[White "Burbach, Anya Belle"]
[Black "Lohanimit, Thiti"]
[Result "1/2-1/2"]
[WhiteElo "1065"]
[BlackElo "1010"]
[PlyCount "108"]
[EventDate "2019.10.19"]
[EventType "swiss"]
[EventRounds "9"]
[EventCountry "THA"]
[SourceTitle "CBM 193 Extra"]
[Source "ChessBase"]
[SourceDate "2020.01.31"]
[SourceVersion "1"]
[SourceVersionDate "2020.01.31"]
[SourceQuality "1"]

1. e4 e5 2. Nc3 Nc6 3. Bc4 Nf6 4. Nf3 Bc5 5. d3 d6 6. Be3 Bb6 7. Qd2 h6 8. 0-0-0 0-0 9. h3 Re8 10. g4 Nd4 11. Bxd4 exd4 12. Ne2 c5 13. g5 hxg5 14. Nxg5 Be6 15. Nxe6 fxe6 16. f4 d5 17. Bb5 Re7 18. e5 Nh7 19. Ng3 a6 20. Ba4 c4 21. Qe2 Bc7 22. dxc4 dxc4 23. c3 b5 24. Rxd4 Rd7 25. Rxd7 Qxd7 26. Rd1 Qf7 27. Qf3 Rf8 28. Kb1 bxa4 29. Nh5 g6 30. Rg1 Qf5+ 31. Ka1 Bxe5 32. Qe2 Bb8 33. Ng3 Qxh3 34. Qc2 Qg4 35. Ne2 Qf5 36. Rxg6+ Kh8 37. Nd4 Qxc2 38. Nxc2 Rxf4 39. Rxe6 Rf1+ 40. Re1 Rf2 41. Ne3 Rf4 42. Nxc4 Rxc4 43. Re8+ Kg7 44. Rxb8 Re4 45. a3 Re1+ 46. Ka2 Nf6 47. Rb7+ Kg6 48. Rb6 a5 49. Rb5 Ne4 50. Rxa5 Re2 51. Ra6+ Kf7 52. Rc6 Ke7 53. Rc4 Kd6 54. Rd4+ Kc5 1/2-1/2

[Event "Thailand Pattaya U16 op 2nd"]
[Site "Pattaya"]
[Date "2019.10.22"]
[Round "8"]
[White "Burbach, Brunel Baron"]
[Black "Burbach, Anya Belle"]
[Result "1-0"]
[WhiteElo "1642"]
[BlackElo "1065"]
[PlyCount "69"]
[EventDate "2019.10.19"]
[EventType "swiss"]
[EventRounds "9"]
[EventCountry "THA"]
[SourceTitle "CBM 193 Extra"]
[Source "ChessBase"]
[SourceDate "2020.01.31"]
[SourceVersion "1"]
[SourceVersionDate "2020.01.31"]
[SourceQuality "1"]

1. e4 e5 2. Nf3 Nf6 3. Bc4 Nxe4 4. 0-0 Be7 5. Re1 Nf6 6. Nxe5 0-0 7. d4 d5 8. Bd3 Nbd7 9. Bf4 Bd6 10. Nd2 Nb6 11. Bg3 Be6 12. c3 Nfd7 13. Qc2 g6 14. a4 a5 15. h4 Re8 16. h5 Nxe5 17. Bxe5 Bxe5 18. Rxe5 Nc4 19. Bxc4 dxc4 20. Rae1 Qd7 21. Qe4 c6 22. Nxc4 f5 23. Qe2 Bf7 24. Nb6 Rxe5 25. dxe5 Qe8 26. Nxa8 Qxa8 27. e6 Be8 28. e7 Qb8 29. Qe6+ Kg7 30. Rd1 Bf7 31. Qe2 Qg8 32. Rd8 Be8 33. Qe5+ Kf7 34. Rd6 Qg7 35. Qe6# 1-0

[Event "Thailand Pattaya U16 op 2nd"]
[Site "Pattaya"]
[Date "2019.10.20"]
[Round "3"]
[White "Burbach, Anya Belle"]
[Black "Samatthanan, Theerath"]
[Result "0-1"]
[WhiteElo "1065"]
[BlackElo "1411"]
[PlyCount "86"]
[EventDate "2019.10.19"]
[EventType "swiss"]
[EventRounds "9"]
[EventCountry "THA"]
[SourceTitle "CBM 193 Extra"]
[Source "ChessBase"]
[SourceDate "2020.01.31"]
[SourceVersion "1"]
[SourceVersionDate "2020.01.31"]
[SourceQuality "1"]

1. e4 c5 2. d4 cxd4 3. c3 dxc3 4. Nxc3 Nc6 5. Bc4 g6 6. Nf3 Bg7 7. e5 Nh6 8. Bf4 0-0 9. 0-0 d6 10. exd6 exd6 11. Bxd6 Re8 12. Nb5 Nf5 13. Ba3 a6 14. Nd6 Nxd6 15. Bxd6 Bxb2 16. Rb1 Bg7 17. Bd5 Be6 18. Bxe6 Rxe6 19. Bg3 b5 20. Qb3 Nd4 21. Nxd4 Qxd4 22. Rfd1 Qc3 23. Rbc1 Qxb3 24. axb3 a5 25. Rc2 a4 26. bxa4 bxa4 27. Kf1 a3 28. Ra2 Rb6 29. Rdd2 Raa6 30. Bf4 Rb1+ 31. Ke2 Rb2 32. Be3 Bc3 33. Rdxb2 axb2 34. Rxa6 b1Q 35. Rb6 Qc2+ 36. Kf3 Qf5+ 37. Ke2 Qg4+ 38. Kd3 Be5 39. g3 Qh3 40. Ke4 Bg7 41. Kf3 Qxh2 42. Rb8+ Bf8 43. Bc5 Qh5+ 0-1

[Event "Vientiane op"]
[Site "Vientiane"]
[Date "2018.12.19"]
[Round "4"]
[White "Burbach, Anya Belle"]
[Black "Ng, Jia Shyen"]
[Result "0-1"]
[WhiteElo "1111"]
[BlackElo "1407"]
[PlyCount "94"]
[EventDate "2018.12.18"]
[EventType "swiss"]
[EventRounds "9"]
[EventCountry "LAO"]
[SourceTitle "CBM 187 Extra"]
[Source "ChessBase"]
[SourceDate "2018.11.04"]
[SourceVersion "1"]
[SourceVersionDate "2018.11.04"]
[SourceQuality "1"]

1. e4 e5 2. Nf3 Nc6 3. Bb5 Bc5 4. Nc3 d6 5. h3 Nf6 6. d3 Bd7 7. Qe2 h6 8. Be3 Bb6 9. 0-0-0 Bxe3+ 10. Qxe3 a6 11. Bxc6 Bxc6 12. d4 exd4 13. Nxd4 0-0 14. Nf5 Bd7 15. g4 Nh7 16. e5 Re8 17. f4 Bxf5 18. gxf5 Qe7 19. Nd5 Qd7 20. Qg3 Kh8 21. Rhg1 Rg8 22. Qh4 Rae8 23. exd6 cxd6 24. f6 Re6 25. Ne7 Rxf6 26. Nxg8 Kxg8 27. Kb1 Qf5 28. Rdf1 Nf8 29. Qg4 Qxg4 30. hxg4 Ne6 31. g5 hxg5 32. f5 Nd4 33. Rxg5 g6 34. Kc1 Nxf5 35. Kd2 Kf8 36. Rg4 Re6 37. Re1 Ng7 38. Rxe6 Nxe6 39. Kd3 f5 40. Rb4 g5 41. Ke3 b5 42. c3 Ke7 43. c4 bxc4 44. Rxc4 g4 45. Kf2 f4 46. Rc1 g3+ 47. Kf3 Kf6 0-1